V Mníšku nad Popradom budú voliť starostu

Bibliographic Details
Main Author: Knap, Štefan (Author)
Format: Article
Language:Slovak
Subjects:

MARC

LEADER 00000nab a2200000 a 4500
001 vtls001026562
003 SK-MaSNL
005 20260303041759.0
008 040720e20000308xo 0 slo
035 |a SL5116 
040 |a SLLK  |b slo  |c SLLK  |e AACR2 
041 0 |a slo 
044 |a xo  |c SK 
080 |a 324  |2 1981 
080 |a 352.075.31  |2 1981 
100 1 |a Knap, Štefan  |4 aut  |9 557667 
245 1 0 |a V Mníšku nad Popradom budú voliť starostu 
650 0 7 |a správa obecná  |2 SLLK  |9 955095 
650 0 7 |a komunálne voľby  |2 SLLK  |9 4164 
650 0 7 |a voľby doplňujúce  |2 SLLK  |9 878293 
650 0 7 |a dôvody  |2 SLLK  |9 879174 
650 0 7 |a informácie  |2 SLLK  |9 1285 
651 7 |a Mníšek nad Popradom (Slovensko)  |2 SLLK  |9 56911 
651 7 |a SL,  |2 SLLK  |9 1022390 
655 7 |a periodikum  |2 snkbucl  |9 29553 
773 0 8 |t Podtatranský Korzár  |g Roč. 2, č.56, 8.3.2000, s. 3 
852 |a ZVYKNI  |b KIS3GCP 
999 |c 1688839  |d 1690769